000 00715cab a22001935a 4500
001 L155564
008 120329e20120105xxk 000 0 eng d
035 _a(Sirsi) u155564
041 0 _aeng
100 1 _aCross, Luke
245 0 0 _aInside knowledge
_bleague tables
260 _c2012
490 _aConstruction News
_v(7258) 22 March 2012, 36-37(2)
520 _aSummary and tables for the top 50 contractors February 2012, the top 10 consulting engineers February 2012, the top 50 contractors March 2011-February 2012, the top 10 clients February 2012, and the top 10 clients March 2011-February 2012.
590 _aKA
651 4 _aUnited Kingdom
_y
690 _aConstruction management
_96230
942 _n0
999 _c83877
_d83877